000 00779nam a2200289Ia 4500
005 20260324115059.0
008 008 260324s9999 xx 000 0 eng d
020 _a9781003445982
037 _aEBOOK
040 _aCRL
040 _beng
040 _cCRL
041 _2eng
041 _aeng
084 _qCRL
100 _aTracy Davis; Daniel Tillapaugh; Ryan P. Barone; Brian L. McGowan
_91153293
245 0 _aMen and Masculinities
245 0 _bTheoretical Foundations and Promising Practices for Supporting College Men's Development
260 _bTaylor and Francis
260 _c2019
365 _a
365 _b230
856 _uhttp://www.taylorfrancis.com/books/9781003445982
942 _cEBOOK
999 _c1743896
_d1743896